|
|
|
|
| LEADER |
00000cam a2200000 a 4500 |
| 001 |
vtls008329929 |
| 003 |
SK-MaSNL |
| 005 |
20260301100517.0 |
| 008 |
180814s1974 xo a 100 0 slo |
| 015 |
|
|
|a SNBA1975/04-01099
|
| 035 |
|
|
|a SK01SNK19750022146
|
| 035 |
|
|
|a SKM000024609
|
| 040 |
|
|
|a SNK
|b slo
|c SNK
|e AACR2
|
| 041 |
0 |
|
|a slo
|
| 044 |
|
|
|a xo
|c SK
|
| 080 |
|
|
|a 628.1(082)
|2 1981
|
| 245 |
0 |
0 |
|a Zborník zo 4. celoslovenského seminára závodných a podnikových vodohospodárov
|b Tatranská Lomnica, november 1974
|c Autor: kol.
|
| 250 |
|
|
|a 1. vyd.
|
| 260 |
|
|
|a Bratislava
|b SVTS
|c 1974
|
| 300 |
|
|
|a 161, [2] s.
|b sch., tab.
|c 4°
|
| 366 |
|
|
|e 280 výt.
|
| 504 |
|
|
|a Bibliogr.
|
| 650 |
0 |
7 |
|a vodné hospodárstvo
|2 SNKPH
|9 759
|
| 655 |
|
7 |
|a zborníky konferencií
|2 SNKPH
|9 70153
|
| 958 |
|
|
|a OND
|
| 958 |
|
|
|a RM
|
| 958 |
|
|
|a RK
|
| 958 |
|
|
|a NB
|
| 958 |
|
|
|a ZB
|
| 999 |
|
|
|c 686539
|d 688469
|
| 952 |
|
|
|a SNK
|b SNK
|y PREZ
|7 0
|p 17A0923778
|o snkSB 22056
|i snkKSP 3273/75
|0 0
|1 0
|4 0
|d 2014-06-05
|f 1
|l 0
|r 2025-03-26 00:00:00
|w 2026-02-23
|